00532cam a2200169 a 450000100100000000500170001000800410002702000150006804000250008308200180010810000360012624500670016226000450022930000210027465000260029565000410032100000339120200929150428.0840217s1984 nyu 000 f spa  a0871392461 aDO-SdBNPbspacBNPHU a813.54bL925m1 aLópez Heredia, José,d1922-10aMilagro en el Bronx y otros relatos /cJosé López Heredia. aNew York, N.Y. :bLas Américas,c1984. a159 p. ;c22 cm. 4aNovela estadounidense 4aLiteratura estadounidenseySIGLO XXI